=LDR 00000nam 2200000 4500 =001 INLIS000000000008963 =005 20130612100805 =008 ***********************************Ind** =035 ##$$0010-061300000008963 =041 ##$$a Ind =082 ##$$a 959.8 =090 ##$$a 959.8, Her p =100 ##$$a Hermawan,Eman =245 ##$$a Politik isu tunggal, jalan buntu,erakan masarakat sipil =260 ##$$a 2001 $b Yogyakarta =300 ##$$a viii,192 hlm, 20cm =650 ##$$a Indonesia-politik sosial =850 ##$$a NBPNMAT